banner koha

Programa flores da Bahia vai estimular expansão da floricultura (Registro n. 300829)

MARC details
000 -LÍDER
fixed length control field 00949nab a2200277 4500
003 - CÓDIGO MARC DA AGÊNCIA CATALOGADORA
Campo de controle BR-BrBNA
005 - DATA E HORA DA ÚLTIMA ATUALIZAÇÃO
Campo de controle 20240815095222.0
008 - CAMPO DE TAMANHO FIXO
fixed length control field 240811b bl.||||| |||| 00| 0 por d
040 ## - FONTE DA CATALOGAÇÃO
Agência catalogadora BR-BrBNA
Idioma da catalogação por
072 ## - CATEGORIA AGRIS
Código AGRIS F01 ; E14 ; E70
Código do objeto 3300
100 ## - ENTRADA PRINCIPAL - NOME PESSOAL
Nome pessoal Portz, Neca
245 ## - TÍTULO PRINCIPAL
Título principal Programa flores da Bahia vai estimular expansão da floricultura
Subtítulo Floricultura
500 ## - NOTA GERAL
Nota geral 2 illus.
942 ## - ADDED ENTRY ELEMENTS (KOHA)
Koha item type
650 ## - ASSUNTO - THESAGRO
Cabeçalho tópico ou nome geográfico PROJETO DE DESENVOLVIMENTO
650 ## - ASSUNTO - THESAGRO
Cabeçalho tópico ou nome geográfico FLORICULTURA
650 ## - ASSUNTO - THESAGRO
Cabeçalho tópico ou nome geográfico PLANTA ORNAMENTAL
650 ## - ASSUNTO - THESAGRO
Cabeçalho tópico ou nome geográfico FLOR TROPICAL
650 ## - ASSUNTO - THESAGRO
Cabeçalho tópico ou nome geográfico ASSOCIAÇÃO RURAL
650 ## - ASSUNTO - THESAGRO
Cabeçalho tópico ou nome geográfico CAPACITAÇÃO
650 ## - ASSUNTO - THESAGRO
Cabeçalho tópico ou nome geográfico ASSISTÊNCIA TÉCNICA
650 ## - ASSUNTO - THESAGRO
Cabeçalho tópico ou nome geográfico COMERCIALIZAÇÃO
650 ## - ASSUNTO - THESAGRO
Cabeçalho tópico ou nome geográfico BAHIA
773 0# - ENTRADA ANALÍTICA
Host Biblionumber 4604
Registro do item 317181
Imprenta Palmas - Tocantins Terranova Gráfica e Editora Jornalística Ltda 2005
Outro identificador 2024-3805
Título Cerrado Rural Agronegócios (Brazil)
ISSN 1980-2595
Colação v. 3(10) p. 26-27; (Sep 2005)
Número de controle de registro BR2024002414

Nenhum exemplar disponível.

BINAGRI

Telefone: (61)3218-2567/2388/3357/2097 - binagri@agro.gov.br

Ministério da Agricultura e Pecuária , Esplanada dos Ministérios, Bloco D, Anexo B, Brasília/DF, CEP: 70.043-900